All Over the Garden Wall Characters - Statistics

General Stats
  • This quiz has been taken 16 times
  • The average score is 17 of 36
Answer Stats
Character % Correct
Greg
100%
Wirt
100%
Adelaide of the Pasture, Good Woman of the Woods
91%
Beatrice
91%
frog
91%
the beast
91%
the woodsman
91%
Jason Funderberker
82%
Sara
73%
Auntie Whispers
55%
Lorna
55%
the highwayman
55%
Fred (the Horse)
45%
Jimmy
45%
Jimmy Brown
45%
Miss Langtree
45%
Mr. Langtree
45%
Quincy Endicott
45%
the apprentice
45%
the baker
45%
the butcher
45%
the master
45%
the tavern keeper
45%
the cobbler
36%
the tailor
36%
Enoch
27%
Margueritte Grey
27%
Old Lady/Mrs. Daniels
27%
the North Wind
27%
Kathleen
18%
the calligrapher
18%
the midwife
18%
Edward
9%
Larry
9%
Jeffrey
0%
Rhondi
0%
No matching quizzes found
Score Distribution
Percent of People with Each Score
Percentile by Number Answered
Your Score History
You have not taken this quiz